Online Catalogue and eLibrary

Paryeshana kramaweda (Record no. 5226)

MARC details
000 -LEADER
fixed length control field 00389nam a2200157Ia 4500
005 - DATE AND TIME OF LATEST TRANSACTION
control field 20250516032617.0
008 - FIXED-LENGTH DATA ELEMENTS--GENERAL INFORMATION
fixed length control field 240331s9999 xx 000 0 und d
020 ## - INTERNATIONAL STANDARD BOOK NUMBER
ISBN 9789551767112
082 ## - DDC Classification
Item Number - Author Mark PER
Class No. 300
100 ## - MAIN ENTRY--PERSONAL NAME
Personal name Perera,G
245 #0 - TITLE STATEMENT
Title Paryeshana kramaweda
260 ## - PUBLICATION, DISTRIBUTION, ETC.
Place of publication, distribution, etc. Colombo
Name of publisher, distributor, etc. Sahasra Publishers
Date of publication, distribution, etc. 2008
300 ## - PHYSICAL DESCRIPTION
Extent (e.g. Volumes, Pages etc.) viii, 216 p .,
650 ## - SUBJECT ADDED ENTRY--TOPICAL TERM
Topical term or geographic name entry element Researach Methodology
942 ## - Koha item type (Biblio)
Koha item type Books in Stacks (Lending)
Holdings
Lost status Damaged status Collection code Home library Current library Shelving location Date acquired Full call number Accession Number Item type
    Lending WERC Library WERC Library Social Science Cupboard 03/31/2024 300.72 PER 6303 Books in Stacks (Lending)

© WERC Library